[Event "Madrid-chT Honor 2223"]
[Site "Madrid"]
[Date "2023.03.19"]
[Round "14.4"]
[White "Adan Bermudez, Sergio"]
[Black "Palenciano Escolar, Adrian"]
[Result "1-0"]
[WhiteElo "2344"]
[BlackElo "2138"]
[PlyCount "63"]
[EventDate "2022.11.20"]
[EventType "team-tourn"]
[EventRounds "14"]
[EventCountry "ESP"]
[SourceTitle "EXT 2024"]
[Source "ChessBase"]
[SourceDate "2023.10.10"]
[SourceVersion "1"]
[SourceVersionDate "2023.10.10"]
[SourceQuality "1"]
[WhiteTeam "Villalba 64"]
[BlackTeam "Alcala de Henares"]
[WhiteTeamCountry "ESP"]
[BlackTeamCountry "ESP"]

1. c4 Nf6 2. Nc3 g6 3. e4 d6 4. d4 Bg7 5. Be2 0-0 6. Be3 e5 7. d5 Na6 8. Nf3 Nc5 9. Nd2 a5 10. a3 c6 11. b4 Na6 12. dxc6 bxc6 13. b5 d5 14. cxd5 cxd5 15. Nxd5 Nxd5 16. exd5 Nc7 17. Bb6 Qd7 18. Bxc7 Qxc7 19. 0-0 Bb7 20. Rc1 Qd7 21. Bc4 Bxd5 22. Nb3 Rfd8 23. Qxd5 Qxd5 24. Bxd5 Rxd5 25. a4 Rd3 26. Nc5 Rd4 27. Rfd1 Rb4 28. Rb1 Bf8 29. Rxb4 axb4 30. Na6 b3 31. Rb1 Rc8 32. g3 1-0

[Event "Madrid-chT Honor 2122"]
[Site "Madrid"]
[Date "2022.03.12"]
[Round "13.4"]
[White "Palenciano Escolar, Adrian"]
[Black "Lopez del Alamo, Antonio"]
[Result "0-1"]
[WhiteElo "2132"]
[BlackElo "2249"]
[PlyCount "120"]
[EventDate "2021.11.27"]
[EventType "team-tourn"]
[EventRounds "14"]
[EventCountry "ESP"]
[SourceTitle "EXT 2024"]
[Source "ChessBase"]
[SourceDate "2023.10.10"]
[SourceVersion "1"]
[SourceVersionDate "2023.10.10"]
[SourceQuality "1"]
[WhiteTeam "Alcala de Henares"]
[BlackTeam "Villalba 64"]
[WhiteTeamCountry "ESP"]
[BlackTeamCountry "ESP"]

1. d4 Nf6 2. Bg5 e6 3. e4 h6 4. Bxf6 Qxf6 5. c3 d6 6. Bd3 g6 7. Ne2 Bg7 8. 0-0 e5 9. f4 Qe7 10. Nd2 0-0 11. Kh1 Nd7 12. f5 Nf6 13. Ng3 h5 14. Nf3 Ng4 15. Qb3 h4 16. h3 Nh6 17. f6 Bxf6 18. Ne2 c6 19. a4 Bg7 20. dxe5 dxe5 21. Rae1 Rb8 22. Nc1 b5 23. axb5 cxb5 24. Qc2 a5 25. Qf2 g5 26. Kh2 f6 27. Nb3 a4 28. Na1 Rd8 29. Qe2 b4 30. cxb4 Qxb4 31. Bc4+ Kh8 32. Rd1 Bb7 33. b3 Bc6 34. Nc2 Qc3 35. Rxd8+ Rxd8 36. bxa4 Bxa4 37. Ne3 Rc8 38. Be6 Rd8 39. Nf5 Qc2 40. Qe3 Nxf5 41. exf5 Qd3 42. Qf2 Qe4 43. Kh1 Bc6 44. Re1 Qb4 45. Rf1 Qa4 46. Qb6 Rf8 47. Qe3 Qf4 48. Qc5 Ba8 49. Kg1 Qg3 50. Qf2 Qxf2+ 51. Rxf2 Rd8 52. Ra2 Bf8 53. Ra6 Bc5+ 54. Kf1 Bb7 55. Ra1 e4 56. Nh2 Rd2 57. Ng4 e3 58. Rc1 e2+ 59. Ke1 Bb4 60. Rc4 Ba6 0-1

[Event "Madrid-chT Honor 2122"]
[Site "Madrid"]
[Date "2022.02.20"]
[Round "10.4"]
[White "Palenciano Escolar, Adrian"]
[Black "Quispe Arteaga, Gabriel"]
[Result "1/2-1/2"]
[WhiteElo "2131"]
[BlackElo "2385"]
[PlyCount "74"]
[EventDate "2021.11.27"]
[EventType "team-tourn"]
[EventRounds "14"]
[EventCountry "ESP"]
[SourceTitle "EXT 2024"]
[Source "ChessBase"]
[SourceDate "2023.10.10"]
[SourceVersion "1"]
[SourceVersionDate "2023.10.10"]
[SourceQuality "1"]
[WhiteTeam "Alcala de Henares"]
[BlackTeam "Collado Villalba"]
[WhiteTeamCountry "ESP"]
[BlackTeamCountry "ESP"]

1. d4 Nf6 2. Bg5 e6 3. e4 h6 4. Bxf6 Qxf6 5. c3 c5 6. Nf3 Nc6 7. Bb5 cxd4 8. cxd4 Bb4+ 9. Nc3 0-0 10. 0-0 b6 11. Ne2 Qe7 12. Rc1 Bb7 13. Ng3 Rac8 14. Qd3 Bd6 15. a3 Bxg3 16. hxg3 Nb8 17. Qe3 d6 18. Rfe1 Rfd8 19. b4 Nd7 20. Bxd7 Qxd7 21. Nd2 Rxc1 22. Rxc1 Rc8 23. Rc3 Rc7 24. f3 d5 25. e5 Ba6 26. f4 Rxc3 27. Qxc3 Qa4 28. Kh2 Qd1 29. Nf3 Be2 30. f5 Bxf3 31. gxf3 Qe2+ 32. Kg1 Kh7 33. g4 b5 34. fxe6 fxe6 35. Qc8 Qe1+ 36. Kg2 Qe2+ 37. Kg1 Qe1+ 1/2-1/2

[Event "Madrid-chT Honor 2122"]
[Site "Madrid"]
[Date "2021.12.19"]
[Round "3.4"]
[White "Quispe Arteaga, Gabriel"]
[Black "Palenciano Escolar, Adrian"]
[Result "1-0"]
[WhiteElo "2388"]
[BlackElo "2139"]
[PlyCount "85"]
[EventDate "2021.11.27"]
[EventType "team-tourn"]
[EventRounds "14"]
[EventCountry "ESP"]
[SourceTitle "EXT 2024"]
[Source "ChessBase"]
[SourceDate "2023.10.10"]
[SourceVersion "1"]
[SourceVersionDate "2023.10.10"]
[SourceQuality "1"]
[WhiteTeam "Collado Villalba"]
[BlackTeam "Alcala de Henares"]
[WhiteTeamCountry "ESP"]
[BlackTeamCountry "ESP"]

1. d4 Nf6 2. c4 g6 3. Nf3 Bg7 4. e3 0-0 5. Be2 d6 6. 0-0 c5 7. Nc3 Nc6 8. d5 Ne5 9. Nxe5 dxe5 10. e4 e6 11. Bg5 h6 12. Bxf6 Qxf6 13. Bg4 Rd8 14. Qe2 Qg5 15. Rad1 b6 16. dxe6 Bxe6 17. Bxe6 fxe6 18. g3 h5 19. h4 Qe7 20. Kg2 Bh6 21. Qc2 Kh7 22. Ne2 a6 23. Ng1 Rxd1 24. Rxd1 Rd8 25. Rxd8 Qxd8 26. Nf3 Qd6 27. Qa4 a5 28. Qe8 Kg7 29. Qc8 Bc1 30. Qe8 Bh6 31. Qa4 Kg8 32. Qc2 Bg7 33. Kf1 Kf8 34. Ke2 Ke8 35. Qa4+ Kf8 36. Qb5 Bh6 37. Qb3 Ke7 38. Qc3 Bg7 39. Qe3 Qc6 40. Qg5+ Kf7 41. Qxe5 Bf6 42. Qf4 Kg7 43. e5 1-0

[Event "Madrid Chamartin op 8th"]
[Site "Madrid"]
[Date "2019.09.10"]
[Round "3"]
[White "Arias Jordan, Juan J"]
[Black "Palenciano Escolar, Adrian"]
[Result "0-1"]
[WhiteElo "1857"]
[BlackElo "2146"]
[PlyCount "110"]
[EventDate "2019.09.09"]
[EventType "swiss"]
[EventRounds "9"]
[EventCountry "ESP"]
[SourceTitle "CBM 192 Extra"]
[Source "Chessbase"]
[SourceDate "2019.11.06"]
[SourceVersion "1"]
[SourceVersionDate "2019.11.06"]
[SourceQuality "1"]

1. e4 c5 2. Nf3 d6 3. d4 cxd4 4. Nxd4 Nf6 5. Nc3 a6 6. Be2 e5 7. Nb3 Be7 8. a4 0-0 9. 0-0 Be6 10. Bf3 Nbd7 11. Be3 Rc8 12. a5 Re8 13. h3 Nc5 14. Nxc5 dxc5 15. Qe2 Qc7 16. Bg4 Nxg4 17. hxg4 Rcd8 18. f4 exf4 19. Bxf4 Qc8 20. g5 c4 21. Qf3 Bc5+ 22. Kh1 Bg4 23. Qg3 Bh5 24. Rae1 Bg6 25. Re2 Bb4 26. Bc7 Bxc3 27. bxc3 Rd7 28. Bb6 Bxe4 29. Rfe1 Rde7 30. Kh2 Re6 31. Qg4 Qc6 32. Bd4 Qd6+ 33. Kg1 Bc6 34. Rxe6 fxe6 35. g6 h6 36. Re5 Bd5 37. Qe2 Rf8 38. Re3 Rf5 39. Be5 Qa3 40. Bg3 Qc1+ 41. Be1 Rf6 42. Rg3 Qf4 43. Kh2 Rxg6 44. Qe3 Qxe3 45. Rxe3 Rxg2+ 46. Kh3 Rxc2 47. Bg3 Rd2 48. Kh4 Rd3 49. Re1 g5+ 50. Kh3 Rxc3 51. Re5 Kg7 52. Kh2 Kg6 53. Re2 Ra3 54. Be5 Kf5 55. Bc7 c3 0-1

[Event "Collado Villalba op-A 36th"]
[Site "Collado Villalba"]
[Date "2019.08.26"]
[Round "4"]
[White "Cuellar Gutierrez, Raul"]
[Black "Palenciano Escolar, Adrian"]
[Result "0-1"]
[WhiteElo "1995"]
[BlackElo "2146"]
[PlyCount "158"]
[EventDate "2019.08.23"]
[EventType "swiss"]
[EventRounds "9"]
[EventCountry "ESP"]
[SourceTitle "CBM 192 Extra"]
[Source "Chessbase"]
[SourceDate "2019.11.06"]
[SourceVersion "1"]
[SourceVersionDate "2019.11.06"]
[SourceQuality "1"]

1. d4 Nf6 2. c4 g6 3. g3 Bg7 4. Bg2 0-0 5. Nc3 d6 6. e4 e5 7. Nge2 Nbd7 8. 0-0 a6 9. b3 Re8 10. Bb2 Rb8 11. dxe5 Nxe5 12. Qc2 Bg4 13. h3 Bf3 14. Nf4 b5 15. cxb5 axb5 16. Nfd5 c6 17. Nxf6+ Qxf6 18. Rae1 Bxg2 19. Kxg2 Qf3+ 20. Kg1 Qh5 21. Kg2 Qf3+ 22. Kg1 Qd3 23. Re2 Qxc2 24. Rxc2 Nf3+ 25. Kg2 Nd4 26. Rd2 b4 27. Ne2 Nxe2 28. Bxg7 Rxe4 29. Ba1 d5 30. f3 Re6 31. Kf2 Rbe8 32. Re1 Nd4 33. Rxe6 Nxe6 34. Bb2 Ra8 35. Be5 Kf8 36. Bd6+ Ke8 37. Bxb4 c5 38. Bc3 d4 39. Ba1 Kd7 40. b4 Kc6 41. bxc5 Kxc5 42. Rc2+ Kd5 43. Rd2 Kc4 44. h4 h5 45. Ke2 d3+ 46. Ke3 Nc5 47. Bg7 Re8+ 48. Kf2 Ne6 49. Bb2 Nd4 50. g4 Ra8 51. Ba1 Nc2 52. Bg7 Rxa2 53. gxh5 gxh5 54. Kg3 Ra6 55. Be5 Nd4 56. Kf2 Re6 57. Bc7 Nb3 58. Rd1 Kc3 59. Bf4 Kc2 60. Rg1 Rf6 61. Be3 Rf5 62. f4 d2 63. Bxd2 Kxd2 64. Kf3 Kd3 65. Rg8 Nd4+ 66. Kg3 Ne2+ 67. Kh3 Nxf4+ 68. Kg3 Ke4 69. Re8+ Re5 70. Rf8 f5 71. Rh8 Ne6 72. Kh3 f4 73. Ra8 Nd4 74. Ra2 f3 75. Kg3 Nf5+ 76. Kf2 Kf4 77. Ra4+ Re4 78. Ra5 Re2+ 79. Kf1 Ne3+ 0-1

[Event "Madrid Chamartin op 7th"]
[Site "Madrid"]
[Date "2018.09.09"]
[Round "9"]
[White "Suarez Uriel, Adrian"]
[Black "Palenciano Escolar, Adrian"]
[Result "1-0"]
[WhiteElo "2394"]
[BlackElo "2104"]
[PlyCount "43"]
[EventDate "2018.09.03"]
[EventType "swiss"]
[EventRounds "9"]
[EventCountry "ESP"]
[SourceTitle "CBM 187 Extra"]
[Source "ChessBase"]
[SourceDate "2018.11.04"]
[SourceVersion "1"]
[SourceVersionDate "2018.11.04"]
[SourceQuality "1"]

1. e4 c5 2. Nf3 d6 3. Nc3 Nf6 4. e5 dxe5 5. Nxe5 a6 6. g3 Qc7 7. d4 cxd4 8. Qxd4 Nc6 9. Nxc6 Qxc6 10. Bg5 e6 11. Bxf6 gxf6 12. Qxf6 Qxh1 13. 0-0-0 Bd7 14. Qxh8 Qxh2 15. Qd4 Bc6 16. Kb1 Qh6 17. Bg2 Be7 18. Bxc6+ bxc6 19. Qd7+ Kf8 20. Qxc6 Rb8 21. Qc7 Rb4 22. a3 1-0

[Event "Madrid Chamartin op 7th"]
[Site "Madrid"]
[Date "2018.09.06"]
[Round "6"]
[White "Palenciano Escolar, Adrian"]
[Black "Martinez Miura, Enrique"]
[Result "1-0"]
[WhiteElo "2104"]
[BlackElo "1627"]
[PlyCount "73"]
[EventDate "2018.09.03"]
[EventType "swiss"]
[EventRounds "9"]
[EventCountry "ESP"]
[SourceTitle "CBM 187 Extra"]
[Source "ChessBase"]
[SourceDate "2018.11.04"]
[SourceVersion "1"]
[SourceVersionDate "2018.11.04"]
[SourceQuality "1"]

1. e4 e6 2. d4 d5 3. Nd2 dxe4 4. Nxe4 Nd7 5. Nf3 Be7 6. Be2 Ngf6 7. Ng3 b6 8. 0-0 0-0 9. a3 Bb7 10. c4 c5 11. dxc5 Nxc5 12. Qc2 Qc7 13. b4 Nce4 14. Bb2 Nxg3 15. hxg3 h6 16. Rac1 Rfd8 17. Be5 Qd7 18. Qb2 Rac8 19. Nd4 Qe8 20. Rfd1 Qf8 21. Nc2 Nd7 22. Bd4 Bf6 23. Ne3 Bxd4 24. Rxd4 Ba8 25. Ng4 f5 26. Rcd1 Nf6 27. Nxf6+ Qxf6 28. Rxd8+ Rxd8 29. Qxf6 Rxd1+ 30. Bxd1 gxf6 31. Bf3 Bxf3 32. gxf3 Kf7 33. f4 e5 34. Kg2 exf4 35. gxf4 Ke6 36. Kg3 a5 37. Kh4 1-0

[Event "Madrid Chamartin op 4th"]
[Site "Madrid"]
[Date "2015.09.12"]
[Round "9"]
[White "Palenciano Escolar, Adrian"]
[Black "Alvarez Escudero, Manuel"]
[Result "1-0"]
[WhiteElo "2120"]
[BlackElo "1805"]
[PlyCount "111"]
[EventDate "2015.09.06"]
[EventType "swiss"]
[EventRounds "9"]
[EventCountry "ESP"]
[SourceTitle "EXT 2016"]
[Source "ChessBase"]
[SourceDate "2015.10.08"]
[SourceVersion "1"]
[SourceVersionDate "2015.10.08"]
[SourceQuality "1"]

1. e4 e5 2. Nf3 Nc6 3. Bb5 a6 4. Ba4 b5 5. Bb3 Nf6 6. 0-0 Bc5 7. Re1 0-0 8. c3 d5 9. exd5 Nxd5 10. Nxe5 Bxf2+ 11. Kxf2 Nxe5 12. Rxe5 Qf6+ 13. Qf3 Qxe5 14. Bxd5 Rb8 15. d4 Qxh2 16. Bf4 Qh4+ 17. Qg3 Qf6 18. Nd2 Be6 19. Bf3 Rfc8 20. Bxc7 Rxc7 21. Qxc7 Rc8 22. Qe5 Qh4+ 23. Qg3 Qh6 24. Ne4 b4 25. Qg5 Qxg5 26. Nxg5 bxc3 27. bxc3 Rxc3 28. Nxe6 fxe6 29. Re1 Kf7 30. Kg3 Kf6 31. Kf4 Rc4 32. Ke3 g5 33. Rh1 Ra4 34. Rh6+ Kg7 35. Rxe6 Rxa2 36. Re7+ Kf6 37. Rxh7 a5 38. Rh6+ Kg7 39. Ra6 a4 40. Kd3 a3 41. Kc3 g4 42. Bd5 Ra1 43. Kb3 Rd1 44. Ra4 Rd3+ 45. Kc2 Re3 46. Kd2 Rg3 47. Ra6 Kh7 48. Re6 Kg7 49. Re3 a2 50. Re7+ Kf6 51. Ra7 Kg5 52. Rxa2 Kf4 53. Ra7 Kg5 54. Rg7+ Kf6 55. Rg8 Kf5 56. Bf3 1-0

[Event "ESP-ch U16"]
[Site "Salobrena"]
[Date "2015.07.22"]
[Round "4"]
[White "Guerra Arrocha, Daniel"]
[Black "Palenciano Escolar, Adrian"]
[Result "0-1"]
[WhiteElo "1989"]
[BlackElo "2108"]
[PlyCount "170"]
[EventDate "2015.07.20"]
[EventType "swiss"]
[EventRounds "9"]
[EventCountry "ESP"]
[SourceTitle "EXT 2016"]
[Source "ChessBase"]
[SourceDate "2015.10.08"]
[SourceVersion "1"]
[SourceVersionDate "2015.10.08"]
[SourceQuality "1"]

1. d4 Nf6 2. c4 g6 3. Nc3 Bg7 4. g3 0-0 5. Bg2 d6 6. e3 Nbd7 7. Nge2 e5 8. 0-0 c6 9. b3 Qe7 10. Ba3 Rd8 11. Qc2 exd4 12. Nxd4 Ne5 13. h3 a6 14. Rad1 c5 15. Nde2 Rb8 16. Nf4 b5 17. Ncd5 Nxd5 18. Nxd5 Qf8 19. f4 Nd7 20. f5 Be5 21. fxg6 hxg6 22. Bb2 bxc4 23. Bxe5 Nxe5 24. Qe4 Be6 25. bxc4 Bxd5 26. Qxd5 Qe7 27. Rf4 Qg5 28. g4 Rb2 29. Re4 Re8 30. Qxd6 Qh4 31. Kh1 Qg3 32. Rg1 Rxg2 33. Rxg2 Qxh3+ 34. Kg1 Nf3+ 35. Kf2 Rxe4 36. Rg3 Qh2+ 37. Kxf3 Qh1+ 38. Kf2 Rxc4 39. Qb8+ Kg7 40. Qb2+ f6 41. Rg2 Qh4+ 42. Kf3 Qh3+ 43. Kf2 Rxg4 44. Qb7+ Kh6 45. Rxg4 Qxg4 46. Qxa6 Qf5+ 47. Ke2 Qc2+ 48. Kf3 Qd1+ 49. Kf2 Kg5 50. Qc4 Qd2+ 51. Kf3 Qb4 52. Qd5+ Kh4 53. Qd7 Qc4 54. Qh7+ Kg5 55. Qa7 Qf1+ 56. Kg3 Qg1+ 57. Kf3 Qg4+ 58. Kf2 c4 59. a4 Qf5+ 60. Ke2 c3 61. Qc7 Qc2+ 62. Kf3 Qd1+ 63. Kg3 Qg1+ 64. Kf3 Qh1+ 65. Kg3 Qh4+ 66. Kf3 Qh3+ 67. Ke2 Qg2+ 68. Kd3 Qd2+ 69. Ke4 f5+ 70. Kf3 Qd1+ 71. Kg3 Qg1+ 72. Kf3 Qh1+ 73. Kg3 Qh4+ 74. Kg2 Qe4+ 75. Kf2 c2 76. Qd8+ Kg4 77. Qd2 Qxa4 78. Qd6 Kh5 79. Qc7 Qe4 80. Qh7+ Kg5 81. Qc7 f4 82. Qc5+ Qf5 83. exf4+ Kxf4 84. Qc7+ Kg4+ 85. Ke2 Qf3+ 0-1

[Event "ESP-ch U16"]
[Site "Salobrena"]
[Date "2015.07.22"]
[Round "5"]
[White "Palenciano Escolar, Adrian"]
[Black "Perez Garcia, Alejandro"]
[Result "1-0"]
[WhiteElo "2108"]
[BlackElo "2322"]
[PlyCount "123"]
[EventDate "2015.07.20"]
[EventType "swiss"]
[EventRounds "9"]
[EventCountry "ESP"]
[SourceTitle "EXT 2016"]
[Source "ChessBase"]
[SourceDate "2015.10.08"]
[SourceVersion "1"]
[SourceVersionDate "2015.10.08"]
[SourceQuality "1"]

1. e4 e6 2. d4 d5 3. Nd2 c5 4. exd5 Qxd5 5. Ngf3 cxd4 6. Bc4 Qd7 7. 0-0 Nc6 8. Nb3 Nf6 9. Nbxd4 Nxd4 10. Nxd4 a6 11. Bb3 Bd6 12. Re1 Qc7 13. h3 0-0 14. Bg5 Be5 15. c3 h6 16. Nf3 Bxc3 17. Rc1 hxg5 18. Rxc3 Qe7 19. Nxg5 Bd7 20. Qb1 Rfc8 21. Rg3 Rc5 22. Ne4 Re5 23. Nc3 Rxe1+ 24. Qxe1 Bc6 25. Qe5 g6 26. f4 Re8 27. f5 Nd7 28. Qe3 Qc5 29. fxg6 fxg6 30. Rxg6+ Kh7 31. Rg3 Qxe3+ 32. Rxe3 Nc5 33. Bc2+ Kg7 34. b4 Nd7 35. Ne4 e5 36. Rg3+ Kf8 37. Rg6 Re7 38. Bb3 Rg7 39. Rxg7 Kxg7 40. Bc2 b6 41. Kf2 a5 42. bxa5 bxa5 43. Nc3 Nf6 44. g3 Kh6 45. Ba4 Bb7 46. Bc2 Kg5 47. h4+ Kg4 48. Bd1+ Kf5 49. Ke3 Bc6 50. Be2 Be8 51. Bf3 Bh5 52. Bxh5 Nxh5 53. Ne4 Kg4 54. Kf2 Ng7 55. Nd6 Nh5 56. Ne4 Ng7 57. Nd2 Nh5 58. Nf1 e4 59. Ne3+ Kh3 60. g4 Nf4 61. h5 Kh4 62. Ng2+ 1-0

[Event "ESP-ch U16"]
[Site "Salobrena"]
[Date "2015.07.21"]
[Round "3"]
[White "Palenciano Escolar, Adrian"]
[Black "Galiana Fernandez, Adrian"]
[Result "1/2-1/2"]
[WhiteElo "2108"]
[BlackElo "2004"]
[PlyCount "63"]
[EventDate "2015.07.20"]
[EventType "swiss"]
[EventRounds "9"]
[EventCountry "ESP"]
[SourceTitle "EXT 2016"]
[Source "ChessBase"]
[SourceDate "2015.10.08"]
[SourceVersion "1"]
[SourceVersionDate "2015.10.08"]
[SourceQuality "1"]

1. e4 c5 2. Nf3 e6 3. d4 cxd4 4. Nxd4 Nf6 5. Nc3 d6 6. Be2 Be7 7. 0-0 0-0 8. Be3 Nc6 9. f4 Bd7 10. Kh1 Nxd4 11. Bxd4 Bc6 12. Bd3 Nd7 13. Qe1 e5 14. Be3 exf4 15. Bxf4 Ne5 16. Bxe5 dxe5 17. Bc4 Bb4 18. Rd1 Qc7 19. Rd3 Rad8 20. Qh4 Rxd3 21. cxd3 Kh8 22. Ne2 Be7 23. Qg3 Bxe4 24. Nd4 Bg6 25. Nf3 Bf6 26. Re1 Re8 27. Nh4 Bxh4 28. Qxh4 Qe7 29. Qg3 h6 30. h3 a6 31. Bd5 Qd6 32. Bxb7 1/2-1/2

[Event "Madrid-ch U16"]
[Site "Madrid"]
[Date "2015.04.25"]
[Round "5"]
[White "Palenciano Escolar, Adrian"]
[Black "Sanchez Caballero, Alvaro"]
[Result "1-0"]
[WhiteElo "2102"]
[BlackElo "1688"]
[PlyCount "105"]
[EventDate "2015.04.18"]
[EventType "tourn"]
[EventRounds "7"]
[EventCountry "ESP"]
[SourceTitle "EXT 2018"]
[Source "ChessBase"]
[SourceDate "2017.10.13"]
[SourceVersion "1"]
[SourceVersionDate "2017.10.13"]
[SourceQuality "1"]

1. e4 e6 2. d4 d5 3. Nd2 Nf6 4. Bd3 c5 5. e5 Nfd7 6. c3 Nc6 7. Ne2 f6 8. exf6 Nxf6 9. Nf3 Bd6 10. 0-0 0-0 11. Bg5 cxd4 12. cxd4 Qb6 13. Qd2 Bd7 14. Rac1 e5 15. dxe5 Nxe5 16. Nxe5 Bxe5 17. b3 Ng4 18. Ng3 Bd4 19. Nh1 Rf7 20. Rcd1 Bc5 21. Qc2 Rc8 22. Bxh7+ Kh8 23. Qg6 Bxf2+ 24. Nxf2 Rxf2 25. Qxb6 Rxf1+ 26. Rxf1 axb6 27. Bf5 Ne5 28. Bxd7 Nxd7 29. Rd1 Rc5 30. Be7 Ra5 31. a4 Kg8 32. Bb4 Ra8 33. Rxd5 Nf6 34. Rb5 Nd7 35. Bc3 Rc8 36. Bd4 Rc6 37. Rg5 g6 38. Rd5 Nf8 39. Rd8 Re6 40. Rb8 Rd6 41. Bc3 Rd7 42. Bb4 Rf7 43. h4 Rf4 44. Rxf8+ Rxf8 45. Bxf8 Kxf8 46. Kf2 Ke7 47. Ke3 Kf7 48. Ke4 Ke6 49. g4 Kd6 50. h5 gxh5 51. gxh5 Ke6 52. h6 Kf6 53. Kd5 1-0

[Event "Madrid-ch U16"]
[Site "Madrid"]
[Date "2015.04.19"]
[Round "3"]
[White "Palenciano Escolar, Adrian"]
[Black "Alfaya Marcelo, Roberto"]
[Result "1-0"]
[WhiteElo "2102"]
[BlackElo "2087"]
[PlyCount "97"]
[EventDate "2015.04.18"]
[EventType "tourn"]
[EventRounds "7"]
[EventCountry "ESP"]
[SourceTitle "EXT 2018"]
[Source "ChessBase"]
[SourceDate "2017.10.13"]
[SourceVersion "1"]
[SourceVersionDate "2017.10.13"]
[SourceQuality "1"]

1. e4 c5 2. Nf3 d6 3. d4 cxd4 4. Nxd4 Nf6 5. Nc3 a6 6. Be3 e6 7. Be2 Be7 8. 0-0 0-0 9. a4 Nc6 10. Qd2 Bd7 11. f4 Qc7 12. Nb3 b6 13. Bf3 Rab8 14. Kh1 Na5 15. Nxa5 bxa5 16. Rab1 Rb4 17. Qd3 Rfb8 18. b3 Bc6 19. Bd2 Qb7 20. Rbe1 Nd7 21. Nd5 Nc5 22. Nxe7+ Qxe7 23. Qe3 Rxe4 24. Bxe4 Bxe4 25. Bxa5 Bxc2 26. b4 Nxa4 27. Rc1 Bf5 28. Rc7 Qf6 29. Qa7 Rf8 30. Qxa6 Qg6 31. Rc8 e5 32. Rxf8+ Kxf8 33. fxe5 dxe5 34. Qa8+ Ke7 35. Qd8+ Ke6 36. Qe8+ Kd5 37. Qxa4 Be4 38. Qd7+ Kc4 39. Qxf7+ Kd3 40. Qb3+ Ke2 41. Qd1+ Ke3 42. Re1+ Kf4 43. Qd2+ Kf5 44. Rxe4 Kxe4 45. Qc2+ Kd4 46. Bb6+ Kd5 47. Qxg6 hxg6 48. Kg1 Kc4 49. Bc5 1-0

[Event "Azuqueca de Henares op 2nd"]
[Site "Azuqueca de Henares"]
[Date "2014.09.16"]
[Round "4"]
[White "Palenciano Escolar, Adrian"]
[Black "Stella, Andrea"]
[Result "0-1"]
[WhiteElo "1930"]
[BlackElo "2403"]
[PlyCount "42"]
[EventDate "2014.09.13"]
[EventType "swiss"]
[EventRounds "9"]
[EventCountry "ESP"]
[SourceTitle "CBM 162 Extra"]
[Source "ChessBase"]
[SourceDate "2014.10.17"]
[SourceVersion "1"]
[SourceVersionDate "2014.10.17"]
[SourceQuality "1"]

1. e4 e6 2. d4 d5 3. Nd2 c5 4. exd5 exd5 5. Ngf3 Nf6 6. Bb5+ Bd7 7. Qe2+ Be7 8. dxc5 0-0 9. Nb3 Re8 10. 0-0 Bxc5 11. Qd3 Bb6 12. Bg5 Bxb5 13. Qxb5 Nbd7 14. Rae1 Qc7 15. Qd3 Re4 16. Nfd2 Rxe1 17. Rxe1 Ng4 18. Be3 Bxe3 19. fxe3 Qxh2+ 20. Kf1 Qh1+ 21. Ke2 Qxg2+ 0-1

[Event "Madrid Oliver Gonzalez Memorial-B 3rd"]
[Site "Madrid"]
[Date "2012.09.06"]
[Round "6"]
[White "Palenciano Escolar, Adrian"]
[Black "Ortega Morales, Pedro"]
[Result "1/2-1/2"]
[WhiteElo "1640"]
[BlackElo "1876"]
[PlyCount "120"]
[EventDate "2012.09.01"]
[EventType "swiss"]
[EventRounds "9"]
[EventCountry "ESP"]
[SourceTitle "CBM 150 Extra"]
[Source "ChessBase"]
[SourceDate "2012.10.19"]
[SourceVersion "1"]
[SourceVersionDate "2012.10.19"]
[SourceQuality "1"]

1. e4 e5 2. Nf3 Nc6 3. Bb5 Nf6 4. 0-0 Nxe4 5. d4 Nd6 6. Bxc6 dxc6 7. dxe5 Nf5 8. Qxd8+ Kxd8 9. Nc3 h6 10. g4 Ne7 11. h3 Ng6 12. Re1 Be7 13. Bd2 Bd7 14. Nd4 c5 15. Nf3 Be6 16. Rad1 Kc8 17. Nh2 h5 18. b3 hxg4 19. hxg4 Bh4 20. Re2 Bd7 21. f4 Bg3 22. e6 fxe6 23. Ne4 Bxh2+ 24. Rxh2 Rxh2 25. Kxh2 b6 26. Kg3 Ne7 27. Bc3 g6 28. Bf6 Ng8 29. Be5 Kd8 30. Kh4 Rc8 31. Kg5 Ke8 32. Kxg6 Bc6 33. Nf6+ Nxf6 34. Kxf6 Rd8 35. Rxd8+ Kxd8 36. Kxe6 Bd7+ 37. Kf6 Bxg4 38. f5 Bd1 39. Kg7 Bh5 40. f6 Ke8 41. Bxc7 Bf7 42. Bb8 a6 43. Ba7 b5 44. Bxc5 Bd5 45. Be7 Be6 46. Bd6 Bd5 47. Kg6 Be4+ 48. Kg7 Bd5 49. c3 Bf7 50. Be5 Bd5 51. Kg6 Bf7+ 52. Kf5 Kd7 53. Ke4 Bg6+ 54. Kd5 Bb1 55. b4 Bxa2+ 56. Kc5 Ke6 57. Bd4 Bc4 58. Kb6 Bf1 59. Kxa6 Kf7 60. Kb6 Be2 1/2-1/2